| 000 | 00990nam a22002537a 4500 | ||
|---|---|---|---|
| 005 | 20170124102943.0 | ||
| 010 | _aA-812851 | ||
| 020 |
_c120.00 _a8175680040 |
||
| 035 | _aA-812851 | ||
| 037 | _bCen Lib/Ret | ||
| 040 |
_aDPL _bHN |
||
| 082 |
_aक _bसुगन |
||
| 100 |
_aसुगन चंद मुक्तेश _948882 |
||
| 245 |
_aस्वाति बूँद / _cसुगन चंद मुक्तेश |
||
| 246 |
_aSwati boond / _bby Sugan Chand Muktesh |
||
| 260 |
_aदिल्ली _bडायमंड पब्लिकेशन |
||
| 270 |
_a3/93, नेहरु गली, विश्वास नगर, शाहदरा _bदिल्ली _e110032 |
||
| 300 |
_a155पृ. _c21सेमी (सजिल्द) |
||
| 650 |
_aहिन्दी साहित्य _948883 |
||
| 650 |
_aकहानिया _948884 |
||
| 650 |
_aHindi Literature _948885 |
||
| 650 |
_aStories _97500 |
||
| 942 |
_2ddc _cHN _hक _mसुगन |
||
| 999 |
_c112717 _d112717 |
||